000 00512nam a2200193 i 4500
001 7484
003 ES-MaACL
005 20230906145238.0
007 t|
008 910123s1989 sp ||||1| spa d
020 _a84-86717-97-3
080 _a82-311.5"19"
080 _a82(Lodge,D.7 B.03=6)
100 1 _aLodge, David.
_973068
245 1 0 _a¡Buen trabajo! /
_cDavid Lodge.
260 _aBarcelona :
_bVersal,
_cD.L. 1989.
300 _a373 p. ;
_c23 cm.
852 _aES-MaACL
_jL-14747
_bR.118368
_z. - rust.
999 _c7484
_d7484